000 00293nam a22001337a 4500
008 171006b xxu||||| |||| 00| 0 eng d
020 _a9780134371047
041 _aeng
080 _26TH
_a159.9
100 _a49
101 _aPSI
245 _aHUMAN DEVELOPMENT
_cCRAIG,G,J
942 _2udc
_cBK
999 _c32194
_d32194